[Event "World Schools U17"]
[Site "Vrnjacka Banja"]
[Date "2025.03.20"]
[Round "1"]
[White "Panda, Barnabas"]
[Black "Rustamov, Bekzod"]
[Result "1/2-1/2"]
[WhiteElo "2147"]
[BlackElo "1829"]
[PlyCount "80"]
[EventDate "2025.03.20"]
[EventType "swiss"]
[EventRounds "9"]
[EventCountry "SRB"]
[SourceTitle "CB14_2025"]
[SourceDate "2024.11.01"]
[SourceVersion "1"]
[SourceVersionDate "2024.11.01"]
[SourceQuality "1"]

1. d4 Nf6 2. c4 d6 3. Nc3 Nbd7 4. e4 e5 5. Be3 Be7 6. h3 0-0 7. Nf3 c6 8. Be2 h6 9. 0-0 Nh7 10. Qd2 Bf6 11. Rad1 Re8 12. dxe5 dxe5 13. Na4 Ng5 14. Nxg5 Bxg5 15. Bg4 Nf8 16. Qxd8 Bxd8 17. Bxc8 Rxc8 18. Nc5 b6 19. Nb7 Be7 20. Nd6 Bxd6 21. Rxd6 Red8 22. Rfd1 Ne6 23. Rxd8+ Rxd8 24. Rxd8+ Nxd8 25. f4 exf4 26. Bxf4 Ne6 27. Bb8 a6 28. Kf2 Kf8 29. Bd6+ Ke8 30. Ke3 Kd7 31. Bb4 h5 32. Bc3 g6 33. b4 Kd6 34. e5+ Kd7 35. Ke4 b5 36. cxb5 axb5 37. Bd2 Nc7 38. Kd4 Ne6+ 39. Ke4 Nc7 40. Kd4 Ne6+ 1/2-1/2